Top 30 Best Football Defenders of All Time - Statistics

General Stats
  • This quiz has been taken 86 times
  • The average score is 17 of 30
Answer Stats
Top Defender Nationality % Correct
2 Paolo Maldini Italy
100%
1 Sergio Ramos Spain
95%
5 Roberto Carlos Brazil
82%
3 Franz Beckenbauer Germany
80%
6 Cafu Brazil
76%
30 Virgil van Dijk Netherlands
72%
10 Alessandro Nesta Italy
70%
13 Carles Puyol Spain
70%
4 Franco Baresi Italy
70%
9 Fabio Cannavaro Italy
66%
28 Nemanja Vidić Serbia
66%
24 Rio Ferdinand England
65%
7 Bobby Moore England
59%
16 Lilian Thuram France
59%
11 Marcelo Brazil
57%
26 Pepe Portugal
57%
18 Philipp Lahm Germany
57%
25 Dani Alves Brazil
55%
22 John Terry England
55%
14 Marcel Desailly France
54%
27 Thiago Silva Brazil
50%
12 Ronald Koeman Netherlands
49%
15 Laurent Blanc France
47%
17 Ashley Cole England
45%
19 Javier Zanetti Argentina
45%
20 Daniel Passarella Argentina
27%
23 Dani Carvajal Spain
16%
21 Gaetano Scirea Italy
9%
29 Roberto Ayala Argentina
7%
8 Carlos Alberto Torres Brazil
3%
No matching quizzes found
Score Distribution
Percent of People with Each Score
Percentile by Number Answered
Your Score History
You have not taken this quiz